Visualizzazione normale
Vista MARC
- Ferrero Bruno
di Personal Name
Records bibliografici associati: 1
001 - CONTROL NUMBER
- control field: 19733
003 - CONTROL NUMBER IDENTIFIER
- control field: IT-RoPau
005 - DATE AND TIME OF LATEST TRANSACTION
- control field: 20140408220626.0
008 - FIXED-LENGTH DATA ELEMENTS
- fixed length control field: 140408|| aca||aabn | a|a d
040 ## - CATALOGING SOURCE
- Original cataloging agency: IT-RoPau
- Transcribing agency: IT-RoPau
100 ## - HEADING--PERSONAL NAME
- Personal name: Ferrero Bruno
- Dates associated with a name: Codice autore SPICS: 6696
- Relator term: Autore
- Name of part/section of a work: Proposta per l'educazione religiosa
670 ## - SOURCE DATA FOUND
- Source citation: Work cat.: (IT-RoPau)99391: AA.VV. 794, Vita di Gesù (La)-24 diapositive con libretto